00523nam a22001697a 450000500170000001000150001702000260003203500140005803700090007208200150008110000220009624500960011825000060021426000460022027000660026630000210033220250929163402.0 aENG-146888 a9789358703566c725.00 aEN-130420 bDBAD 213a532.05 aM.D. Raisinghania aFluid Dynamics: cM.D. RaisinghaniabWith Complete Hydrodynamics And Boundary Layer Theory/ a1 aUttar PradeshbS. Chand Publishing c2025 aD-92, Sector-2, Noida bUttar Pradeshe201301k61-120-4682700 avpp. c24cm(pb)